¿Qué humanidades necesitamos?: una respuesta global (Record no. 122900)

MARC details
000 -CABECERA
campo de control de longitud fija 00558naa a2200193 u 4500
005 - FECHA Y HORA DE LA ÚLTIMA TRANSACCIÓN
campo de control 20240911064445.0
008 - ELEMENTOS DE LONGITUD FIJA--INFORMACIÓN GENERAL
campo de control de longitud fija 070810s2006 r 000 0 spa d
035 ## - NÚMERO DE CONTROL DEL SISTEMA
Número de control de sistema UPN01000150759
100 1# - ASIENTO PRINCIPAL--NOMBRE PERSONAL
Nombre de persona ALANIS TALANTES, Leonardo
222 ## - TÍTULO CLAVE
Título clave INVESTIGACION EN LA ESCUELA
245 ## - MENCIÓN DE TÍTULO
Título ¿Qué humanidades necesitamos?: una respuesta global
260 ## - PUBLICACIÓN, DISTRIBUCIÓN, ETC.
Lugar de publicación, distribución, etc. Sevilla, España
300 ## - DESCRIPCIÓN FÍSICA
Extensión 47-59
362 ## - FECHAS DE PUBLICACIÓN Y/O DESIGNACIÓN SECUENCIAL
Fecha de publicación y/o designación secuencial 1999 No. 37
650 04 - ASIENTO SECUNDARIO DE MATERIA - TERMINO TEMATICO
Término de materia o nombre geográfico como elemento de entrada Ciencias sociales
9 (RLIN) 9133
650 #7 - ASIENTO SECUNDARIO DE MATERIA - TERMINO TEMATICO
Término de materia o nombre geográfico como elemento de entrada Educación secundaria
Fuente del encabezamiento o término
9 (RLIN) 4281
650 #4 - ASIENTO SECUNDARIO DE MATERIA - TERMINO TEMATICO
Término de materia o nombre geográfico como elemento de entrada Neoliberalismo
9 (RLIN) 13747
905 ## - TIPO DE MATERIAL
Tipo de material Articulo

No items available.